| 000 | 01163nmm a2200325 a 4500 | ||
|---|---|---|---|
| 001 | ocm0001916789 | ||
| 003 | TR-IsHL | ||
| 005 | 20201028175002.0 | ||
| 008 | 180925s2014 tu tur | ||
| 007 | cr cn | ||
| 020 | _a9786054194780 | ||
| 035 |
_a1916789 _b(N$T) |
||
| 050 | 0 | 4 |
_aDS36.85 _b.A3919 2014 |
| 090 | 0 | 4 |
_aDS36.85 _b.A3919 2014 |
| 100 | 1 | _aAl-Faruqi, Ismail R. | |
| 245 | 1 | 0 |
_aİslam kültür atlası _h[electronic resource] / _cIsmail R. Al-Faruqi ; Luis Lamia el-Faruki; çeviri Mustafa Okan Kibaroğlu, Zerrin Kibaroğlu |
| 250 | _a4. baskı | ||
| 260 |
_aİstanbul : _bİnkılab Yayınları, _c2014 |
||
| 300 | _a550 p. | ||
| 500 |
_aTranslation of : Cultural atlas of Islam. _xIncludes index. |
||
| 650 | 4 | _aFelsefe, Psikoloji ve Din | |
| 650 | 4 | _aPhilosophy, Psychology and Religion | |
| 650 | 0 | _aIslamic civilization | |
| 650 | 0 | _aİslam uygarlığı | |
| 650 | 7 |
_aRELIGION / Islam / General _2bisacsh |
|
| 700 | 1 | _aLuis Lamia el-Faruki | |
| 700 | 1 | _aKibaroğlu, Mustafa Okan | |
| 700 | 1 | _aKibaroğlu, Zerrin | |
| 856 | 4 | 0 | _uhttp://search.ebscohost.com/login.aspx?direct=true&scope=site&db=e011xww&AN=1916789 |
| 999 |
_c18453 _d18453 |
||